History Quiz

Random History or Letter Quiz

A-Z Most Valuable Corporations Quiz Stats

Quiz not verified by Sporcle

Challenge
Share
Tweet
Embed
Score 0/26 Timer 04:00
0 Plays Today
'Letter' 'Corporation' % Correct
FFacebook
86%
AApple
84%
WWal-Mart Stores
76%
EExxon Mobil
72%
TToyota Motor Corporation
72%
MMicrosoft Corporation
70%
HHome Depot
66%
IInternational Business Machines Corporation
54%
LLowe's Companies
54%
GGeneral Electric Company
46%
JJohnson & Johnson
38%
KKraft Foods
38%
OOracle Corporation
32%
'Letter' 'Corporation' % Correct
YYUM! Brands
30%
RRoyal Dutch Shell
24%
BBerkshire Hathaway
22%
UUnilever
22%
VVodafone Group
20%
QQUALCOMM
18%
NNovartis
12%
PPetroChina Company
10%
CChina Mobile
8%
DDuke Energy Group
6%
SSanofi
4%
XXcel Energy
4%
ZZimmer
4%

You're not logged in!

Compare scores with friends on all Sporcle quizzes.
Join for Free
OR
Log In

You Might Also Like...

Show Comments

Extras

Top Quizzes Today


Score Distribution

Your Account Isn't Verified!

In order to create a playlist on Sporcle, you need to verify the email address you used during registration. Go to your Sporcle Settings to finish the process.

Report this User

Report this user for behavior that violates our Community Guidelines.

Details: